000
00277nam a22001097a 4500
008
170110b xxu||||| |||| 00| 0 eng d
020
_a
9780323046343
041
_a
eng
080
_2
8TH
_a
618.2
245
_a
DIAGNOSTIC AND LABORATORY TEST REFERENCE
_c
PAGANA, K.D
942
_2
udc
_c
BK
999
_c
2674
_d
2674